UM Logo

Advanced analytical chemistry/ (Record no. 5515)

MARC details
000 -LEADER
fixed length control field 00500nam a2200157 4500
008 - FIXED-LENGTH DATA ELEMENTS--GENERAL INFORMATION
fixed length control field 161110b xxu||||| |||| 00| 0 eng d
020 ## - INTERNATIONAL STANDARD BOOK NUMBER
International Standard Book Number 978-1-63238-005-0 (Hardback)
082 ## - DEWEY DECIMAL CLASSIFICATION NUMBER
Edition number 2015
Classification number DC 543
Item number C22
100 ## - MAIN ENTRY--PERSONAL NAME
9 (RLIN) 17002
Personal name Carol, Jessica
245 ## - TITLE STATEMENT
Title Advanced analytical chemistry/
Statement of responsibility, etc. Jessica Carol
260 ## - PUBLICATION, DISTRIBUTION, ETC. (IMPRINT)
Place of publication, distribution, etc. New York:
Name of publisher, distributor, etc. New York Research Press,
Date of publication, distribution, etc. c2015.
300 ## - PHYSICAL DESCRIPTION
Extent vii, 204 pages:
Other physical details illustrations;
Dimensions 28 cm.
650 #0 - SUBJECT ADDED ENTRY--TOPICAL TERM
9 (RLIN) 17003
Topical term or geographic name as entry element Chemistry, Analytical
365 ## - TRADE PRICE
Price amount 8,021.00
Currency code Php
942 ## - ADDED ENTRY ELEMENTS (KOHA)
Source of classification or shelving scheme Dewey Decimal Classification
Koha item type Circulation
Holdings
Withdrawn status Lost status Source of classification or shelving scheme Damaged status Not for loan Collection code Home library Current library Shelving location Date acquired Source of acquisition Total Checkouts Full call number Barcode Date last seen Date last checked out Cost, replacement price Price effective from Koha item type
    Dewey Decimal Classification     Circulation UM Digos College - LIC UM Digos College - LIC Book Cart 10/27/2016 Purchased 2 DC 543 C22 2015 24477 05/15/2025 12/10/2018 8021.00 11/10/2016 Circulation